00907nam a2200229 a 450000100060000000300080000600500170001400800410003102000160007203500190008804000270010704100080013408200240014211000610016624502680022726000440049530000270053965000330056665000370059970000190063670000220065532784BD-RjUL20211209051908.0161212s1975 ne a 10010 eng d a9026502141  a(BD-RjUL)32874 aDLCcDLCdBD-RjULbeng aeng 223a301.2bAPP 197520aInternational Association for Cross-Cultural Psychology.10aApplied cross-cultural psychology :bselected papers from the Second International Conference of the International Association for Cross-Cultural Psychology held at Queen's University, Kingston, Canada, August 6-10, 1974 /cedited by J. W. Berry and W. J. Lonner. aAmsterdam :bSwets & Zeitlinger,cc1975 aviii, 338 p. ;c22 cm. 0aEthnopsychologyxCongresses. 0aPsychology, AppliedxCongresses.10aBerry, John W.10aLonner, Walter J.